banner-ar

اقطاب وقادة الثورة الالمانية الكبرى / (Record no. 30275)

MARC details
000 -الفاتح
حقل البيانات ثابتة الطول 00621nam a2200205Ia 4500
008 - عناصر البيانات ثابتة الطول - معلومات عامة
حقل البيانات ثابتة الطول 140319s9999 xx 000 0 ara d
040 ## - مصدر الفهرسة
وكالة الفهرسة الأصلية GCL /
وكالة النسخ GCL
082 04 - رقم تصنيف ديوى العشرى
رقم التصنيف 943.08
رقم المادة اا
100 1# - المدخل الرئيسى - إسم شخصى
الإسم الشخصى ادمون فرمى
245 10 - بيان العنوان
العنوان اقطاب وقادة الثورة الالمانية الكبرى /
بيان المسئوليه,etc ادمون فرمى
700 1# - المدخل الاضافى - اسم شخصى
الإسم الشخصى خيرت فخرى
300 ## - الوصف المادى
التعداد 340 ص
490 ## - بيان السلسلة
عنوان السلسلة
650 04 - المدخل الاضافى بالموضوع-مصطلح موضوعى
مصطلح موضوعي المانيا
650 04 - المدخل الاضافى بالموضوع-مصطلح موضوعى
مصطلح موضوعي الثورات
650 04 - المدخل الاضافى بالموضوع-مصطلح موضوعى
مصطلح موضوعي التاريخ
942 ## - عناصر المدخل الإضافي( كوها)
مصدر التصنيف او مخطط الترفيف Dewey Decimal Classification
Koha [default] item type كتاب
260 ## - PUBLICATION, DISTRIBUTION, ETC. (IMPRINT)
-- [S.N] :
-- دار اليقظه العربيه للتاليف والترجمه والنشر
Holdings
حالة التراجع حالة الفقد حالة تلف ليس للاعارة المكان المؤقت الموقع الحالى تاريخ الاكتساب اجمالي اﻻعارات رقم الطلب الباركود تاريخ اخر مشاهدة تاريخ تفعيل السعر نوع وعاء كوها
        مكتبة القاهرة الكبرى مكتبة القاهرة الكبرى 03/26/2014   943.08\اا 70438 03/26/2014 03/26/2014 كتاب

Powered By

EGPV